[Event "Budapest Spring Festival 2019"]
[Site "Budapest"]
[Date "2019.04.11"]
[Round "3.11"]
[White "Lye, Lik Zang"]
[Black "Santos Latasa, Jaime"]
[Result "0-1"]
[WhiteElo "2377"]
[BlackElo "2585"]
[Annotator "TA"]
[PlyCount "106"]
[EventDate "2019.04.09"]
[EventType "swiss"]
[EventCountry "HUN"]
[SourceTitle "playchess.com"]
[Source "ChessBase"]
[SourceQuality "1"]

{[%evp 10,106,54,29,36,29,39,33,31,32,31,21,27,4,25,27,0,8,45,0,0,0,-4,-27,-14,-9,21,-11,0,0,0,-78,-77,-149,-121,-148,-127,-125,-127,-127,-135,-129,-125,-195,-179,-179,-183,-254,-158,-189,-197,-266,-280,-268,-211,-197,-193,-258,-206,-185,-200,-243,-168,-169,-141,-188,-183,-185,-131,-160,-153,-814,-912,-906,-863,-1566,-1564,-1411,-1314,-1599,-1557,-1938,-1501,-1754,-1722,-1967,-1910,-5097,-4218,-29974,-29975,-29974,-29975,-29982,-29983,-29983,-29982,-29986,-29987]} 1. d4 f5 2. Bg5 h6 3. Bh4 g5 4. e3 Nf6 5. Bg3 d6 6. Nc3 e6 {A80: Dutch Defence: Unusual White second moves} 7. h4 Rg8 8. hxg5 hxg5 {White is slightly better.} 9. Bc4 (9. f4 g4 10. Bh4 d5 11. Nb5 Be7 12. c4 Ne4 13. Bxe7 Qxe7 14. Qa4 {1-0 (43) Stefanova,A (2486)-Lagarde,M (2616) Skopje 2018}) 9... Qe7 10. Qd2 a6 11. O-O-O $146 ({Predecessor:} 11. a3 b5 12. Ba2 Bb7 13. f3 Nbd7 14. O-O-O {0-1 (45) Warmerdam,M (2370)-Beerdsen,T (2454) Apeldoorn 2018}) 11... Nbd7 (11... b5 $5 {[%cal Rb5c4]} 12. Bb3 Nbd7 $11) 12. f3 b5 13. Bd3 Bb7 14. a3 c5 15. dxc5 dxc5 16. Bxb5 axb5 17. Nxb5 {Strongly threatening Nd6+.} e5 {Hoping for ...Rc8.} 18. Nc7+ {[%mdl 64] Double Attack} Kf7 {Threatens to win with ...Rc8.} 19. Nxa8 Bxa8 20. Qa5 (20. Ne2 $11 {remains equal.}) 20... Bc6 $1 $17 21. Qc7 {[#]} (21. Kb1 $142) 21... Qe6 $1 $36 {[%mdl 2048] Black is on the roll.} 22. Bxe5 Ne8 23. Qa7 Qxe5 24. Rxd7+ Bxd7 25. Qxd7+ Be7 {And now ...Nd6 would win.} 26. Nh3 (26. Qd3 $17) 26... Qxe3+ 27. Kb1 Qe6 28. Qd2 (28. Qxe6+ $142 Kxe6 29. Nf2) 28... Nc7 29. Re1 Qd6 30. Qe3 (30. Rd1 $142 Qxd2 31. Rxd2) 30... Bf6 $19 31. Qb3+ Qd5 32. Qb6 Ne6 33. Nf2 (33. g4 $142) 33... Bd4 34. Qa7+ Kf6 35. Nd1 f4 ({Don't take} 35... Rg7 36. Qa6) 36. Qh7 ({Wrong is} 36. Nc3 $2 Bxc3 37. bxc3 Qd2 $19) 36... Rg7 37. Qh6+ Kf7 ({Don't play} 37... Ke7 38. Nc3 $17) 38. Qh5+ Ke7 (38... Rg6 $19 39. Qh7+ Bg7) 39. Qh6 Qf5 40. a4 $2 (40. Qh1 $17) 40... Rh7 41. Rxe6+ {[#]} Kf7 $1 42. Nc3 Rxh6 43. Rxh6 Bxc3 44. bxc3 {[%mdl 4096] Endgame KQ-KR} c4 45. Rb6 Qc5 46. Rb7+ Ke6 47. Kb2 {[#]} g4 $1 48. Rb8 (48. fxg4 Qc6) 48... g3 49. a5 Qxa5 {Black mates.} 50. Re8+ Kd7 51. Re2 Qb6+ 52. Kc1 Qg1+ 53. Kd2 Kd6 {Accuracy: White = 35%, Black = 85%.} 0-1

[Event "Budapest Spring Festival 2019"]
[Site "Budapest"]
[Date "2019.04.11"]
[Round "3.12"]
[White "Mikhalevski, Victor"]
[Black "Kulkarni Bhakti"]
[Result "1-0"]
[WhiteElo "2580"]
[BlackElo "2350"]
[Annotator "ChessBase"]
[PlyCount "101"]
[EventDate "2019.04.09"]
[EventType "swiss"]
[EventCountry "HUN"]
[SourceTitle "playchess.com"]
[Source "ChessBase"]
[SourceQuality "1"]
[TimeControl "40/5400+30:1800+30"]

1. c4 {[%emt 0:02:23]} Nf6 {[%emt 0:00:55]} 2. g3 {[%emt 0:00:12]} e6 {[%emt 0:00:38]} 3. Bg2 {[%emt 0:00:15]} d5 {[%emt 0:00:11]} 4. Nf3 {[%emt 0:00:06]} Be7 {[%emt 0:01:00]} 5. O-O {[%emt 0:00:13]} O-O {[%emt 0:01:26]} 6. b3 {[%emt 0:00:14]} c5 {[%emt 0:02:06]} 7. cxd5 {[%emt 0:00:38]} Nxd5 {[%emt 0:02:39]} 8. Bb2 {[%emt 0:00:11]} Nc6 {[%emt 0:00:35]} 9. d4 {[%emt 0:00:06]} cxd4 {[%emt 0:07:57]} 10. Nxd4 {[%emt 0:00:51]} Nxd4 {[%emt 0:00:33]} 11. Qxd4 {[%emt 0:00:57]} Bf6 {[%emt 0:01:11]} 12. Qd2 {[%emt 0:04:56]} Bxb2 {[%emt 0:02:58]} 13. Qxb2 {[%emt 0:00:30]} Nb4 {[%emt 0:04:34]} 14. Na3 {[%emt 0:05:01]} Qe7 {[%emt 0:01:58]} 15. Nc4 {[%emt 0:04:33]} Rb8 {[%emt 0:02:32]} 16. a3 {[%emt 0:12:53]} Nc6 {[%emt 0:05:45]} 17. b4 {[%emt 0:05:12]} b5 {[%emt 0:04:42]} 18. Nd2 {[%emt 0:01:50]} Bb7 {[%emt 0:00:23]} 19. Rfc1 {[%emt 0:00:20]} Rbc8 {[%emt 0:01:27]} 20. Rc5 {[%emt 0:04:42]} a6 {[%emt 0:03:40]} 21. Rac1 {[%emt 0:00:14]} Na7 {[%emt 0:07:17]} 22. Ne4 {[%emt 0:15:49]} h6 {[%emt 0:18:01]} 23. Qe5 {[%emt 0:05:48]} Rxc5 {[%emt 0:02:54]} 24. Nxc5 {[%emt 0:14:25]} Bxg2 {[%emt 0:01:17]} 25. Kxg2 {[%emt 0:00:03]} Rd8 {[%emt 0:01:46]} 26. Qe4 {[%emt 0:02:15]} Rd6 {[%emt 0:02:58]} 27. h4 {[%emt 0:07:48]} Qc7 {[%emt 0:04:13]} 28. h5 {[%emt 0:03:32]} Nc8 {[%emt 0:03:21]} 29. Qf4 {[%emt 0:05:06]} Qb6 {[%emt 0:13:19]} 30. Nxe6 {[%emt 0:00:48]} Qb7+ {[%emt 0:00:05]} 31. Qf3 {[%emt 0:00:05]} Qxf3+ {[%emt 0:00:18]} 32. Kxf3 {[%emt 0:00:01]} Nb6 {[%emt 0:00:36]} 33. Nc5 {[%emt 0:00:21]} Nc4 {[%emt 0:00:06]} 34. Rc3 {[%emt 0:00:25]} Rf6+ {[%emt 0:01:18]} 35. Kg2 {[%emt 0:00:06]} Rd6 {[%emt 0:00:39]} 36. a4 {[%emt 0:01:12]} Kf8 {[%emt 0:01:15]} 37. a5 {[%emt 0:00:21]} Ne5 {[%emt 0:00:36]} 38. Re3 {[%emt 0:01:16]} f6 {[%emt 0:00:38]} 39. Re4 {[%emt 0:01:09]} Kf7 {[%emt 0:00:25]} 40. g4 {[%emt 0:00:00]} Nc4 {[%emt 0:00:00]} 41. e3 {[%emt 0:07:43]} Ne5 {[%emt 0:02:05]} 42. Rd4 {[%emt 0:05:01]} Rc6 {[%emt 0:01:10]} 43. Kg3 {[%emt 0:02:02]} Ke8 {[%emt 0:01:01]} 44. Kf4 {[%emt 0:01:09]} Nc4 {[%emt 0:00:15]} 45. Ke4 {[%emt 0:01:53]} Ne5 {[%emt 0:01:36]} 46. Kf5 {[%emt 0:01:33]} Ke7 {[%emt 0:01:52]} 47. f4 {[%emt 0:03:36]} Nc4 {[%emt 0:00:05]} 48. Kg6 {[%emt 0:00:33]} f5+ {[%emt 0:00:34]} 49. Kxg7 {[%emt 0:01:33]} fxg4 {[%emt 0:01:20]} 50. f5 {[%emt 0:00:23]} Ne5 {[%emt 0:00:18]} 51. Rd5 {[%emt 0:01:19]} 1-0

[Event "Budapest Spring Festival 2019"]
[Site "Budapest"]
[Date "2019.04.11"]
[Round "3.13"]
[White "Pranav Anand"]
[Black "Savchenko, Boris"]
[Result "1/2-1/2"]
[WhiteElo "2359"]
[BlackElo "2575"]
[Annotator "TA"]
[PlyCount "70"]
[EventDate "2019.04.09"]
[EventType "swiss"]
[EventCountry "HUN"]
[SourceTitle "playchess.com"]
[Source "ChessBase"]
[SourceQuality "1"]

{[%evp 9,70,41,45,40,35,36,79,22,0,-34,45,66,45,-31,-20,-77,-64,-81,-76,-95,-94,-89,-96,-104,-103,-92,-80,-101,-62,-75,-71,-65,-41,-49,-53,-167,-175,-185,-182,-267,-263,-253,-206,-217,-233,-256,-277,-315,-318,-315,-320,-452,-461,-475,-496,-556,-545,-678,-678,-676,-664,-632,-637]} 1. d4 g6 2. e4 Bg7 3. Nc3 a6 4. f4 d6 5. Nf3 Nd7 6. Bc4 {B06: Modern Defence} (6. Be3 b5 7. Bd3 b4 8. Ne2 c5 9. c3 bxc3 10. bxc3 Ngf6 11. O-O O-O 12. Rb1 Qa5 13. Kh1 Qc7 14. Ng3 {1-0 (55) Kravtsiv,M (2621)-Tkachiev,V (2658) Bastia 2015}) 6... e6 7. f5 Nb6 8. Bb3 ({White should try} 8. fxg6 $16 Nxc4 9. gxf7+ Kxf7 10. Ng5+ Ke8 {[#]} 11. e5 $1 {[%mdl 512]} (11. Qh5+ Kd7 $14) 11... dxe5 12. Qh5+ Kd7 13. Qg4 (13. Qf7+ $2 Qe7 $19)) 8... exf5 $11 9. O-O Nf6 $146 (9... h6 $15) ({Predecessor:} 9... Ne7 10. Bg5 O-O 11. Qe1 h6 12. Qh4 Re8 13. Bxh6 d5 14. e5 Nd7 15. Ng5 Bxh6 16. Qxh6 Nf8 17. Rf4 {1-0 (17) Harika,D (2539)-Tan,Z (2502) Teheran 2017}) 10. exf5 $14 Bxf5 11. Bg5 ({Better is} 11. Nh4 $1 $14 Bg4 12. Qe1+ Kd7 13. Qf2 (13. Bxf7 Rf8 $11)) 11... h6 $1 $15 {[%cal Rh6g5]} 12. Re1+ (12. Qe1+ $11 {remains equal.} Kf8 13. Be3) 12... Kf8 $17 13. Bh4 Kg8 14. h3 g5 15. Bf2 Bg6 16. a4 Kh7 17. a5 Nc8 18. Qd2 Ne7 19. Re2 Re8 20. Rae1 Nc6 21. Rxe8 Nxe8 22. Ba4 (22. Nd5 $15) 22... Nf6 $19 23. Bxc6 bxc6 24. h4 (24. Qe2 {keeps fighting.}) 24... g4 25. Nh2 Qd7 26. Nf1 Qf5 27. Ne3 Qxa5 28. Ne4 Qxd2 29. Nxd2 Rb8 30. Ra1 (30. b3 $142) 30... Rxb2 {Black is clearly winning.} 31. Rxa6 Bxc2 32. Nec4 Bd3 {[#] ...Rxd2! is the strong threat.} 33. Rxc6 Bxc4 34. Nxc4 Rb1+ 35. Kh2 Ne4 {[%mdl 32768] Accuracy: White = 35%, Black = 72%. . An unexpected result.} 1/2-1/2

[Event "Budapest Spring Festival 2019"]
[Site "Budapest"]
[Date "2019.04.11"]
[Round "3.14"]
[White "Hakobyan, Aram"]
[Black "Akesson, Ralf"]
[Result "1/2-1/2"]
[WhiteElo "2554"]
[BlackElo "2346"]
[Annotator "TA"]
[PlyCount "109"]
[EventDate "2019.04.09"]
[EventType "swiss"]
[EventCountry "HUN"]
[SourceTitle "playchess.com"]
[Source "ChessBase"]
[SourceQuality "1"]

{[%evp 18,109,5,2,12,0,0,-4,12,0,32,22,27,24,32,27,54,17,27,22,23,28,37,12,6,5,5,7,11,8,10,0,0,-12,-1,-38,-30,-14,-10,-95,-99,-112,-95,-150,-160,-152,-157,-157,-150,-242,-233,-264,-258,-258,-251,-279,-259,-370,-352,-1000,-350,-1062,-350,-344,-320,-347,0,-356,-349,-385,-383,-368,-365,-260,-8,-8,-8,-8,-8,-8,-8,-8,-8,-8,-8,-8,-8,-8,-8,-8,-8,-8,-8,-8]} 1. e4 c5 2. Nf3 Nc6 3. Bb5 g6 4. Bxc6 dxc6 5. d3 Bg7 6. h3 e5 7. O-O Qe7 8. Nc3 Nf6 9. Be3 Nd7 10. Qd2 Nf8 {B31: Sicilian: 2...Nc6 3 Bb5 g6} 11. Bh6 f6 12. Ne2 (12. Bxg7 Qxg7 13. a3 Ne6 14. b4 O-O 15. Na4 b6 16. bxc5 b5 17. Nc3 Qe7 18. Qe3 Qxc5 19. Qxc5 Nxc5 {½-½ (44) Pridorozhni,A (2569)-Goganov,A (2601) Vladivostok 2015}) 12... Ne6 13. Nh2 O-O 14. Bxg7 Qxg7 15. f4 exf4 16. Nxf4 f5 17. c3 $146 ({Predecessor:} 17. exf5 Qd4+ 18. Kh1 Nxf4 19. Rxf4 Qxb2 {½-½ (30) Schinkowski,C (2154)-Dyrgaard,K (2252) Kiel 2012}) 17... Nxf4 18. Qxf4 b6 19. Rae1 Be6 20. Qd6 (20. a3 {looks sharper.} Rad8 21. exf5 Bxf5 22. Qc4+ Kh8 23. Rf3) 20... Qd7 21. Qxd7 Bxd7 22. Nf3 Rae8 23. b3 Kg7 24. Rf2 h6 25. e5 Be6 26. c4 Rd8 27. Rd2 Rd7 28. d4 (28. Red1 $11) 28... Rfd8 $1 $17 {[%cal Rc5d4]} 29. Red1 cxd4 $1 30. Nxd4 (30. Rxd4 $142 c5 31. Rxd7+ Rxd7 32. Re1) 30... Kg8 31. Kf2 c5 {[%cal Rd7d4]} 32. Nf3 Rxd2+ 33. Rxd2 (33. Nxd2 $17 {keeps fighting.} f4 34. Ke2) 33... Rxd2+ $19 34. Nxd2 $17 {[%mdl 4096] Endgame KB-KN} Kf7 35. Ke3 Bd7 36. h4 {[#]} Bc6 $1 37. Nf3 (37. g3 {was necessary.} g5 38. hxg5 hxg5 39. Nb1) 37... Ke6 $19 38. Kf4 $2 (38. Ne1 g5 39. g3) 38... Be4 $2 (38... Bxf3 39. gxf3 a6) 39. a3 $2 (39. Ne1 Bb1 40. a3) 39... a5 $2 (39... Bxf3 40. gxf3 a6) 40. Ne1 Bb1 41. Nf3 Be4 42. Ne1 $1 Bc6 43. g3 a4 44. bxa4 Bxa4 45. Ng2 {[#]} Bb3 $2 (45... g5+ $1 $19 {[%mdl 512]} 46. hxg5 hxg5+ 47. Kxg5 Kxe5) 46. Ne3 $11 {[#]The position is equal.} g5+ $1 {[%mdl 512]} 47. hxg5 hxg5+ 48. Kxg5 {Black must now prevent Kf4.} Kxe5 {Strongly threatening ...Kd4.} 49. a4 $1 Bxa4 {Threatens to win with ...Bb3.} 50. Nd5 $1 Bc2 {And now ...b5! would win.} 51. Nxb6 Bd3 52. Nd7+ Kd4 53. Nxc5 Kxc5 54. g4 fxg4 (54... Kxc4 $2 55. gxf5 Kd5 56. f6 $19) (54... Bxc4 $2 55. gxf5 Kc6 56. Kh6 $19) 55. Kxg4 {Accuracy: White = 48%, Black = 64%.} 1/2-1/2

[Event "Budapest Spring Festival 2019"]
[Site "Budapest"]
[Date "2019.04.11"]
[Round "3.15"]
[White "Stupak, Kirill"]
[Black "Risting, Eivind Olav"]
[Result "1-0"]
[WhiteElo "2547"]
[BlackElo "2345"]
[Annotator "ChessBase"]
[PlyCount "91"]
[EventDate "2019.04.09"]
[EventType "swiss"]
[EventCountry "HUN"]
[SourceTitle "playchess.com"]
[Source "ChessBase"]
[SourceQuality "1"]
[TimeControl "40/5400+30:1800+30"]

1. d4 {[%emt 0:07:06]} Nf6 {[%emt 0:00:13]} 2. c4 {[%emt 0:00:06]} e6 {[%emt 0:00:25]} 3. g3 {[%emt 0:00:04]} d5 {[%emt 0:00:50]} 4. Bg2 {[%emt 0:01:10]} dxc4 {[%emt 0:01:42]} 5. Nf3 {[%emt 0:01:12]} Bb4+ {[%emt 0:01:36]} 6. Nbd2 {[%emt 0:15:29]} b5 {[%emt 0:03:51]} 7. O-O {[%emt 0:08:37]} O-O {[%emt 0:09:31]} 8. a4 {[%emt 0:06:53]} c6 {[%emt 0:08:42]} 9. Qc2 {[%emt 0:11:37]} Bb7 {[%emt 0:02:52]} 10. b3 {[%emt 0:00:23]} cxb3 {[%emt 0:05:29]} 11. Nxb3 {[%emt 0:00:05]} Nbd7 {[%emt 0:03:02]} 12. Ne1 {[%emt 0:01:10]} a6 {[%emt 0:17:19]} 13. Nd3 {[%emt 0:02:03]} Be7 {[%emt 0:00:42]} 14. Bd2 {[%emt 0:08:09]} Rc8 {[%emt 0:08:40]} 15. Ba5 {[%emt 0:02:09]} Qe8 {[%emt 0:00:07]} 16. Rfd1 {[%emt 0:06:42]} h6 {[%emt 0:04:05]} 17. Nbc5 {[%emt 0:06:26]} Nxc5 {[%emt 0:02:59]} 18. Nxc5 {[%emt 0:00:02]} Bxc5 {[%emt 0:03:34]} 19. dxc5 {[%emt 0:00:02]} Qe7 {[%emt 0:01:17]} 20. Rd6 {[%emt 0:04:02]} e5 {[%emt 0:02:01]} 21. Rad1 {[%emt 0:02:02]} Rb8 {[%emt 0:01:26]} 22. e4 {[%emt 0:02:16]} Rbe8 {[%emt 0:01:56]} 23. f3 {[%emt 0:04:12]} Bc8 {[%emt 0:06:57]} 24. Rxc6 {[%emt 0:00:22]} Bd7 {[%emt 0:01:16]} 25. Rcd6 {[%emt 0:03:02]} Rc8 {[%emt 0:01:53]} 26. c6 {[%emt 0:00:27]} Be6 {[%emt 0:00:48]} 27. axb5 {[%emt 0:03:30]} axb5 {[%emt 0:00:26]} 28. c7 {[%emt 0:00:01]} Ne8 {[%emt 0:00:48]} 29. Rc6 {[%emt 0:01:07]} Qa3 {[%emt 0:01:54]} 30. Qc3 {[%emt 0:01:18]} Qxc3 {[%emt 0:02:37]} 31. Rxc3 b4 {[%emt 0:01:18]} 32. Bxb4 {[%emt 0:02:09]} Rxc7 {[%emt 0:00:09]} 33. Rxc7 {[%emt 0:00:14]} Nxc7 {[%emt 0:00:03]} 34. Bxf8 {[%emt 0:00:04]} Kxf8 {[%emt 0:00:08]} 35. Bf1 {[%emt 0:00:01]} Ke7 {[%emt 0:01:17]} 36. Kf2 {[%emt 0:00:02]} Ne8 {[%emt 0:00:51]} 37. Ke3 {[%emt 0:00:25]} Nf6 {[%emt 0:02:24]} 38. Bb5 {[%emt 0:01:13]} g6 {[%emt 0:01:23]} 39. Ra1 {[%emt 0:00:45]} h5 {[%emt 0:00:31]} 40. Ra7+ {[%emt 0:00:00]} Kf8 {[%emt 0:00:00]} 41. Rc7 {[%emt 0:01:47]} Ne8 {[%emt 0:07:03]} 42. Bxe8 {[%emt 0:03:05]} Kxe8 {[%emt 0:00:06]} 43. Rc5 {[%emt 0:00:04]} f6 {[%emt 0:00:11]} 44. f4 {[%emt 0:00:07]} exf4+ {[%emt 0:00:12]} 45. gxf4 {[%emt 0:00:02]} Ke7 {[%emt 0:00:32]} 46. h4 {[%emt 0:00:01]} 1-0

[Event "Budapest Spring Festival 2019"]
[Site "Budapest"]
[Date "2019.04.11"]
[Round "3.16"]
[White "Mehar, Chinna Reddy C.H."]
[Black "Horvath, Adam"]
[Result "1/2-1/2"]
[WhiteElo "2348"]
[BlackElo "2533"]
[Annotator "ChessBase"]
[PlyCount "136"]
[EventDate "2019.04.09"]
[EventType "swiss"]
[EventCountry "HUN"]
[SourceTitle "playchess.com"]
[Source "ChessBase"]
[SourceQuality "1"]
[TimeControl "40/5400+30:1800+30"]

1. d4 {[%emt 0:00:42]} Nf6 {[%emt 0:02:10]} 2. Nf3 {[%emt 0:00:34]} e6 {[%emt 0:00:20]} 3. e3 {[%emt 0:00:33]} b6 {[%emt 0:00:49]} 4. Bd3 {[%emt 0:00:30]} Bb7 {[%emt 0:01:08]} 5. O-O {[%emt 0:00:10]} d5 {[%emt 0:00:56]} 6. c4 {[%emt 0:01:59]} Be7 {[%emt 0:03:23]} 7. Nc3 {[%emt 0:00:14]} O-O {[%emt 0:00:14]} 8. cxd5 {[%emt 0:03:19]} exd5 {[%emt 0:02:06]} 9. b3 {[%emt 0:00:15]} Nbd7 {[%emt 0:00:43]} 10. Bb2 {[%emt 0:00:07]} Re8 {[%emt 0:00:51]} 11. Rc1 {[%emt 0:00:18]} a6 {[%emt 0:00:31]} 12. Ne2 {[%emt 0:00:33]} Bd6 {[%emt 0:01:22]} 13. Ng3 {[%emt 0:06:12]} g6 {[%emt 0:01:09]} 14. Rc2 {[%emt 0:00:23]} Qe7 {[%emt 0:07:40]} 15. Qe2 {[%emt 0:01:45]} c6 {[%emt 0:17:55]} 16. Rfc1 {[%emt 0:01:49]} a5 {[%emt 0:01:53]} 17. a4 {[%emt 0:01:11]} h5 {[%emt 0:08:36]} 18. Nf1 {[%emt 0:04:42]} Ne4 {[%emt 0:02:41]} 19. N3d2 {[%emt 0:04:35]} Ndf6 {[%emt 0:09:08]} 20. f3 {[%emt 0:01:59]} Nxd2 {[%emt 0:14:05]} 21. Qxd2 {[%emt 0:00:34]} Ba3 {[%emt 0:05:52]} 22. Bxa3 {[%emt 0:00:30]} Qxa3 {[%emt 0:00:06]} 23. Ra2 {[%emt 0:01:18]} Qd6 {[%emt 0:00:55]} 24. Rac2 {[%emt 0:01:07]} Re6 {[%emt 0:06:41]} 25. Rb2 {[%emt 0:01:32]} Ba6 {[%emt 0:02:35]} 26. Rbc2 {[%emt 0:01:16]} Bb7 {[%emt 0:01:56]} 27. Rb2 {[%emt 0:00:21]} Nd7 {[%emt 0:00:18]} 28. Rbc2 {[%emt 0:03:24]} Rae8 {[%emt 0:02:53]} 29. Qf2 {[%emt 0:03:57]} Qb4 {[%emt 0:01:41]} 30. Rb2 {[%emt 0:07:34]} Kg7 {[%emt 0:01:21]} 31. Qd2 {[%emt 0:03:22]} Qd6 {[%emt 0:00:18]} 32. b4 {[%emt 0:02:22]} axb4 {[%emt 0:00:27]} 33. Rxb4 {[%emt 0:00:40]} Ra8 {[%emt 0:02:31]} 34. Ra1 {[%emt 0:03:57]} Ba6 {[%emt 0:00:26]} 35. Bxa6 {[%emt 0:00:55]} Rxa6 {[%emt 0:00:03]} 36. Rbb1 {[%emt 0:02:40]} Re8 {[%emt 0:00:17]} 37. Qc3 {[%emt 0:01:38]} Rea8 {[%emt 0:00:38]} 38. Rc1 {[%emt 0:01:10]} b5 {[%emt 0:00:48]} 39. axb5 {[%emt 0:01:19]} Rxa1 {[%emt 0:00:04]} 40. Rxa1 {[%emt 0:00:00]} Rxa1 {[%emt 0:00:00]} 41. Qxa1 {[%emt 0:00:14]} cxb5 {[%emt 0:00:10]} 42. Qa5 {[%emt 0:00:44]} Qc6 {[%emt 0:08:50]} 43. Qb4 {[%emt 0:01:23]} Qc4 {[%emt 0:00:40]} 44. Qd6 {[%emt 0:01:30]} Nf6 {[%emt 0:00:35]} 45. Qe5 {[%emt 0:00:15]} Qd3 {[%emt 0:08:59]} 46. h3 {[%emt 0:03:45]} h4 {[%emt 0:12:50]} 47. Nh2 {[%emt 0:00:34]} Qf5 {[%emt 0:02:13]} 48. Ng4 {[%emt 0:04:20]} Qxe5 {[%emt 0:00:10]} 49. Nxe5 {[%emt 0:00:03]} b4 {[%emt 0:00:05]} 50. Kf2 {[%emt 0:00:54]} b3 {[%emt 0:00:12]} 51. Nd3 {[%emt 0:00:28]} Nd7 {[%emt 0:00:06]} 52. Ke2 {[%emt 0:01:06]} Nb6 {[%emt 0:00:10]} 53. Kd2 {[%emt 0:06:57]} Nc4+ {[%emt 0:00:12]} 54. Kc3 {[%emt 0:00:03]} Nxe3 {[%emt 0:00:38]} 55. Kxb3 {[%emt 0:00:15]} Nxg2 {[%emt 0:00:30]} 56. Kb4 {[%emt 0:00:11]} g5 {[%emt 0:02:54]} 57. Kc5 {[%emt 0:00:06]} Ne3 {[%emt 0:00:23]} 58. Kd6 {[%emt 0:01:11]} f5 {[%emt 0:00:50]} 59. Ke5 {[%emt 0:01:02]} Kh6 {[%emt 0:00:43]} 60. Nf2 {[%emt 0:01:39]} g4 {[%emt 0:00:39]} 61. fxg4 {[%emt 0:00:31]} fxg4 {[%emt 0:00:34]} 62. Kf4 {[%emt 0:00:18]} Nc2 {[%emt 0:00:35]} 63. Nxg4+ {[%emt 0:00:08]} Kg6 {[%emt 0:00:03]} 64. Ke5 {[%emt 0:00:08]} Kg5 {[%emt 0:00:12]} 65. Kxd5 {[%emt 0:01:14]} Kf4 {[%emt 0:00:04]} 66. Kc5 {[%emt 0:00:10]} Nxd4 {[%emt 0:00:21]} 67. Kxd4 {[%emt 0:00:03]} Kg3 {[%emt 0:00:05]} 68. Ke3 {[%emt 0:00:04]} Kxh3 {[%emt 0:00:05]} 1/2-1/2

[Event "Budapest Spring Festival 2019"]
[Site "Budapest"]
[Date "2019.04.11"]
[Round "3.17"]
[White "Gonda, Laszlo"]
[Black "Saravanan, V.."]
[Result "1/2-1/2"]
[WhiteElo "2527"]
[BlackElo "2335"]
[Annotator "TA"]
[PlyCount "71"]
[EventDate "2019.04.09"]
[EventType "swiss"]
[EventCountry "HUN"]
[SourceTitle "playchess.com"]
[Source "ChessBase"]
[SourceQuality "1"]

{[%evp 34,71,51,49,61,58,58,58,64,68,67,51,92,57,76,69,80,56,66,57,81,48,134,48,130,128,171,170,181,108,103,110,158,114,174,37,50,73,88,24]} 1. Nf3 Nf6 2. c4 g6 3. Nc3 Bg7 4. e4 d6 5. d4 O-O 6. Be2 c5 7. O-O cxd4 8. Nxd4 Nc6 9. Be3 Bd7 10. Qd2 Nxd4 11. Bxd4 Bc6 12. f3 a5 13. b3 Nd7 14. Be3 Nc5 15. Rab1 Qb6 16. Rfc1 Rfc8 17. Rc2 Qd8 18. Bf1 h5 {B38: Sicilian: Maroczy Bind with 5...Bg7 and 7...0-0} 19. g3 (19. Re1 Kh7 20. Nd5 e6 21. Nf4 Be5 22. Nh3 Qe7 23. Rd1 Rd8 24. Qf2 Kg8 25. Qe1 {½-½ (42) Sargissian,G (2702)-Ramirez Alvarez,A (2564) Reykjavik 2016}) 19... Kh7 20. Bh3 Bd7 {[#] White must now prevent ...Bxc3.White is slightly better.} 21. Bg2 Bc6 22. Re1 $146 ({Predecessor:} 22. Kh1 Qh8 23. Nd5 Qd8 24. Rbc1 {½-½ (131) Kneip,J (2107)-Reuter,E (1648) Lueneburg 2017}) 22... Qf8 23. Rcc1 Bh6 24. f4 Bg7 25. Bf2 Rd8 26. Qe2 Qh8 27. Nb5 Ne6 (27... Bxb5 $14 28. cxb5 Bd4) 28. Bh3 (28. f5 $16 Nd4 29. Qd3 Bxb5 30. cxb5) 28... Nd4 (28... Nc5 $14) 29. Qd3 $16 {[%cal Rb5d4]} Nxb5 30. cxb5 Bd7 {[#]} 31. Bxd7 (31. f5 $1 $18) 31... Rxd7 32. e5 Rc8 33. Rc4 d5 (33... Qe8 $16 {was worth a try.}) 34. Ra4 (34. Rec1 $18 Rcd8 35. Rc7) 34... Qd8 35. e6 Rc3 36. Qb1 {Accuracy: White = 44%, Black = 24%.} ({Better is} 36. Qe2 $16 fxe6 37. Qxe6) 1/2-1/2